| 000 | 00350 a2200157 4500 | ||
|---|---|---|---|
| 001 | 166407 | ||
| 020 | _a | ||
| 040 | _cMagnum | ||
| 100 | _aFreitas, Walter Nieble de | ||
| 240 | 1 | 0 |
_aDesfile de modas na bicholandia _lpor |
| 245 | 1 | 0 | _aDesfile de modas na bicholandia |
| 362 | 0 | _a1899 | |
| 440 | 1 | _aLoyola | |
| 697 | _aIJ/ANIMAIS | ||
| 942 | _cBK | ||
| 999 |
_c166407 _d166407 |
||